00678 2200181 4500001002100000005001500021035002000036245009100056100001900147250001700166300002800183260003400211082000800245084001400253020002200267650001500289520019200304INLIS00000000000073020241010094555 a0010-10240000231 aSeri Aktivitas Petualangan di Kereta Fantasi :bHilangnya Topi Tombi /cEndah Herawati0 aEndah Herawati aCetakan ke-1 a30 hlm :bIlus ;c25 cm aSolo :bTiga Serangkai,c2020 a813 a813 END s a978-623-206-420-1 4aFiksi Anak aTombi dan teman-temannya akan berwisata. Mereka naik kereta yang sangat unik. Ups, saat di kereta, topi Tombi hilang. Yuk, bantu Tombi menemukannya melalui aktivitas seru di dalam kereta.